Вып. 1; Сборник трудов

Dades bibliogràfiques
Parent link:Сборник трудов: ежеквартальный сборник научных статей/ Федеральное государственное унитарное предприятие "Государственный научный центр Росийской Федерации - Научно-исследовательский институт атомных реакторов". Вып. 1.— , 1997-.— 5-94831-017-5
Sumari:НИИАР - 50 лет.
Idioma:rus
Publicat: 2006
Matèries:
Format: MixedMaterials Llibre
KOHA link:https://koha.lib.tpu.ru/cgi-bin/koha/opac-detail.pl?biblionumber=113691

MARC

LEADER 00000nam2a2200000 4500
001 113691
005 20231031122003.0
035 |a (RuTPU)RU\TPU\book\122953 
035 |a RU\TPU\book\79197 
090 |a 113691 
100 |a 20070416d2006 k y0rusy50 ca 
101 0 |a rus 
102 |a RU 
105 |a a z 011zy 
200 0 |a Вып. 1 
210 |d 2006 
215 |a 98 с.  |c ил. 
300 |a НИИАР - 50 лет. 
320 |a Библиография в конце статей 
461 1 |0 (RuTPU)RU\TPU\book\63541  |y 5-94831-017-5  |t Сборник трудов  |o ежеквартальный сборник научных статей  |f Федеральное государственное унитарное предприятие "Государственный научный центр Росийской Федерации - Научно-исследовательский институт атомных реакторов"  |v Вып. 1  |d 1997-  
610 1 |a атомная энергетика 
610 1 |a ядерные реакторы 
610 1 |a быстрые нейтроны 
610 1 |a радиационное энерговыделение 
610 1 |a ТВЭЛы 
610 1 |a аварии 
610 1 |a отработавшие твэлы 
610 1 |a теплофизические характеристики 
610 1 |a размерные изменения 
610 1 |a оболочечные трубы 
610 1 |a радиационно-термическая ползучесть 
610 1 |a диоксид урана 
610 1 |a облученные материалы 
610 1 |a элементный состав 
610 1 |a атомно-эмиссионные спектрометры 
610 1 |a облученный бериллий 
610 1 |a повреждения 
675 |a 621.039.5  |v 3 
801 1 |a RU  |b 63413507  |c 20050301  |g PSBO 
801 2 |a RU  |b 63413507  |c 20200204  |g PSBO 
942 |c BK